01017nam a22002657a 45000010005000000030006000050050017000110080041000280200018000690400029000870500013001160820011001291000023001402450133001632500047002962600038003433000049003815050008004305200196004385210020006345210021006546500022006756500021006977000033007185417FISKH20241204133534.0241204b cb ||||| |||| 00| 0 eng d a9780545398893 aFISKHbengcFISKHdFISKH aPZ7.M992 a813.54 aMyers, Walter Dean aWe Were Heroes :bThe Journal of Scott Pendleton Collins: A World War II Soldier, Normandy, France, 1944 /cby Walter Dean Myers aThis edition first printing , January 2012 aNew York : bScholastic ;c1999 . a137 pages : billustrations ,maps ;c20 cm . aT  aA seventeen-year-old soldier from central Virginia records his experiences in a journal as his regiment takes part in the D-Day invasion of Normandy and subsequent battles to liberate France.8 a810 bLexile 8 aZ bRaz-Plus  asoldiersvFiction ahistoryvFiction aScott, Steve ebook designer